Mecánica de materiales
Guardat en:
| Autor principal: | |
|---|---|
| Format: | Llibre |
| Idioma: | espanyol |
| Publicat: |
Ciudad de México
Alfaomega
1990
|
| Matèries: | |
| Etiquetes: |
Afegir etiqueta
Sense etiquetes, Sigues el primer a etiquetar aquest registre!
|
MARC
| LEADER | 00000nam a2200000 a 4500 | ||
|---|---|---|---|
| 001 | UCZ1007 | ||
| 003 | CL-VaPUC | ||
| 008 | 950810e19900000MX |||||||||||||||||spa|d | ||
| 082 | 0 | 4 | |a 620.1123 |b FIT |2 21 |
| 100 | 0 | |a Fitzgerald, Robert W |e author |9 344367 | |
| 245 | 1 | 0 | |a Mecánica de materiales |
| 300 | |a 557 p | ||
| 942 | |c BK | ||
| 945 | |d 19950810 00:00:00 |a awong | ||
| 260 | |a Ciudad de México |b Alfaomega |c 1990 | ||
| 650 | 0 | |a Resistencia de materiales |9 260095 | |
| 650 | 0 | |a Mecánica |9 260096 | |
| 650 | 0 | |a Materiales |9 260800 | |
| 583 | |a last modification |c 19950810 00:00:00 |k Rodrigo Vera | ||
| 999 | |c 237860 |d 237858 | ||
| 952 | |0 0 |1 0 |2 ddc |4 0 |6 620_112300000000000_FIT_1990 |7 0 |8 A |9 247600 |a BIBING |b BIBING |c RES |d 2019-11-18 |i 3754901 |l 1 |o 620.1123 FIT 1990 |p 3754901 |r 2025-01-20 |s 2024-04-29 |w 2019-11-18 |y BK |k ING | ||